Giáo trình cầu lông
সংরক্ষণ করুন:
| বিন্যাস: | গ্রন্থ |
|---|---|
| প্রকাশিত: |
Hà Nội
Thể dục thể thao
2005
|
| বিষয়গুলি: | |
| ট্যাগগুলো: |
ট্যাগ যুক্ত করুন
কোনো ট্যাগ নেই, প্রথমজন হিসাবে ট্যাগ করুন!
|
| Thư viện lưu trữ: | Trung tâm Học liệu Lê Vũ Hùng, Trường Đại học Đồng Tháp |
|---|
| LEADER | 00741pam a22002898a 4500 | ||
|---|---|---|---|
| 001 | 00037315 | ||
| 005 | 20171026081023.0 | ||
| 008 | 170511s2005 ||||||Viesd | ||
| 041 | 0 | # | |a Vie |
| 082 | 1 | 4 | |a 796.345 |b GI108TR |
| 245 | 1 | 0 | |a Giáo trình cầu lông |
| 260 | # | # | |a Hà Nội |c 2005 |b Thể dục thể thao |
| 300 | # | # | |a 86tr. |c 21cm. |
| 653 | # | # | |a Cầu lông |
| 653 | # | # | |a giáo trình |
| 852 | # | # | |b Kho mượn |j KGT.0052852 |
| 852 | # | # | |b Kho đọc |j KD.0021809 |
| 852 | # | # | |j KGT.0052852 |j KD.0021809 |
| 910 | |d 11/05/2017 | ||
| 980 | # | # | |a Trung tâm Học liệu Lê Vũ Hùng, Trường Đại học Đồng Tháp |